00561nam a2200157Ia 4500008004100000041001200041082001600053100001200069245007800081260003900159300000800198650001200206942000700218999001500225952016300240221030s9999 xx 000 0 und d aEnglish a105.23bMar aK. Marx 0aCapital - A Critical Analysis of Capitalist Production Vol. Icby K. Marx bPearson EducationaNew Delhic1974 a767 aGeneral cBK c8210d8210 pBE 6401l0o105.23 Marr2024-06-13 00:00:00w2022-10-30yBK003Print4070aMIETLIBbMIETLIBcBL-Academic Block C, FL-2, CUP-19, SH-1, R-1d2003-01-3110HBE